000 00466nam a2200181Ia 4500
003 LK-CoDNM
008 010623t xxu||||| |||| 00| 1 sin d
040 _aLK-CoDNM
_dLK-CoDNM
_eLK-CoDNM
041 _asin
080 _a929 RAN
100 _aRanaweera, Sarath
245 _aශ්‍රේෂ්ඨ විද්‍යාඥයෝ
246 _aShreshta Viddyagnayo
260 _bWasana
_aDankotuwa
300 _b62, 21.5 cm
650 _aBiography
942 _cBK
999 _c141402
_d141402